| 000 | 00662nam a22002177a 4500 | ||
|---|---|---|---|
| 003 | OSt | ||
| 005 | 20140506115153.0 | ||
| 008 | 140506b xxu||||| |||| 00| 0 eng d | ||
| 020 | _a9781412971379 | ||
| 050 |
_aLC 4019 _b.M215 2009 |
||
| 100 | _aMaanum, Jody L. | ||
| 245 |
_aThe general educator's guide to special education / _cJody L. Maanum. |
||
| 250 | _a3rd ed. | ||
| 260 |
_aUSA : _bCORWIN, _cc2009. |
||
| 300 |
_axv. 236 p. : _c28 cm. |
||
| 521 | _aEDUC | ||
| 650 |
_aChildren with disabilities _xEducation _xUnited States _xHandbooks, manuals, etc. |
||
| 651 |
_aSpecial education _xHandbooks, manuals, etc. |
||
| 942 |
_2lcc _cBK |
||
| 999 |
_c115808 _d115808 |
||